| 000 | 01336nam a2200289 a 4500 | ||
|---|---|---|---|
| 003 | OSt | ||
| 005 | 20230822142254.0 | ||
| 007 | cr ||||||a|c|a | ||
| 008 | 230724s2021 mx a|||fom||| 001 0 spa d | ||
| 040 | _erda | ||
| 100 | 1 |
_9187666 _aEspinosa Ramírez, Melanie Dulce Pilar |
|
| 245 | 1 | 0 |
_aRelación entre la estructura de las costras biológicas del suelo y las propiedades edáficas de los bosques de pino piñonero en San Luis Potosí / _cpor Melanie Dulce Pilar Espinosa Ramírez ; director de tesis Diódoro Granados Sánchez. |
| 264 | 1 |
_aChapingo, México : _bEl autor, _c2021. |
|
| 300 |
_a1 recurso en línea (58 páginas): _bcuadros, figuras. |
||
| 336 |
_2rdacontent _atexto _btxt |
||
| 337 |
_2rdamedia _acomputadora _bc |
||
| 338 |
_2rdacarrier _arecurso en línea _bcr |
||
| 502 |
_bIRF _cDICIFO _d2021. _gLIC |
||
| 504 | _aIncluye referencias bibliográficas: páginas 42-49. | ||
| 650 | 4 |
_9167281 _aSuelos _x Análisis Suelos _x Fertilidad |
|
| 650 | 4 |
_9187665 _aPinus pinaceae _xCultivo |
|
| 650 | 4 |
_9110436 _aSuelos _xMicroestructura |
|
| 650 | 4 |
_9132981 _aSuelos Forestales _xAnálisis |
|
| 700 | 1 |
_950356 _aGranados Sánchez, Diódoro _eDirector de tesis. |
|
| 856 |
_uhttp://10.13.5.2/tesis/tl/1510686-8_Espinosa-Ramirez_Melanie-1.pdf _zDESCARGAR PDF |
||
| 942 |
_2Clasificación Universidad Autónoma Chapingo _cTD |
||
| 999 |
_c219071 _d219071 |
||